=LDR 00000nam 2200000 4500 =001 INLIS000000000051316 =990 ##$$a 21704619 =005 20230104105159 =990 ##$$a 21704620 =035 ##$$a 0010-0917000120 =990 ##$$a 21704618 =007 ta =990 ##$$a 21704617 =008 230104################g##########0#ind## =990 ##$$a 21704616 =020 ##$$a 978-602-6466-39-6 =082 ##$$a R.796.03 =084 ##$$a R.796.03 ISM e =100 #$$a Ismadi =245 1#$$a Ensiklopedia olahraga /$c Ismadi, Pratama Arbi =260 ##$$a Yogyakarta :$b Indoliterasi,$c 2017 =300 ##$$a iv, 400 hlm : $b ilus. ; $c 28 x 19 cm. =650 #4$$a Olahraga -Ensiklopedi =250 ##$$a cet. 1 =700 #$$a Pratama Arbi =990 ##$$a 21704620 =990 ##$$a 21704619 =990 ##$$a 21704618 =990 ##$$a 21704617 =990 ##$$a 21704616 =990 ##$$a 21704618 =990 ##$$a 21704620 =990 ##$$a 21704619 =990 ##$$a 21704617 =990 ##$$a 21704616 =990 ##$$a 21704620 =990 ##$$a 21704619 =990 ##$$a 21704618 =990 ##$$a 21704617 =990 ##$$a 21704616 =990 ##$$a 21704619 =990 ##$$a 21704620 =990 ##$$a 21704618 =990 ##$$a 21704617 =990 ##$$a 21704616 =990 ##$$a 21704617 =990 ##$$a 21704620 =990 ##$$a 21704619 =990 ##$$a 21704618 =990 ##$$a 21704616 =990 ##$$a 21704616 =990 ##$$a 21704620 =990 ##$$a 21704619 =990 ##$$a 21704618 =990 ##$$a 21704617